Tiempo y espacio: las luchas sociales de las mujeres latinoamericanas /
Se presentan los datos de la investigación realizada en Córdoba, Argentina, sobre mujer y pobreza. Dicha investigación está organizada en cinco secciones. La primera está destinada a brindar los elementos que se consideran imprescindibles para llevar a cabo el estudio especifico de la mujer pobre, d...
Shranjeno v:
| Glavni avtor: | |
|---|---|
| Drugi avtorji: | , , , , , |
| Format: | Neznan |
| Izdano: |
Buenos Aires:
CLACSO
|
| Teme: | |
| Oznake: |
Označite
Brez oznak, prvi označite!
|
MARC
| LEADER | 00000 a2200000 04500 | ||
|---|---|---|---|
| 001 | 37415 | ||
| 003 | |||
| 008 | 991231s d | ||
| 040 | |||
| 020 | |a 950-9231-38-X | ||
| 022 | |a 950-9231-38-X | ||
| 090 | |a 0007 L579t | ||
| 100 | |a Boggio Carrillo, Zoila | ||
| 245 | |a Tiempo y espacio: las luchas sociales de las mujeres latinoamericanas / |c Zoila Boggio Carrillo | ||
| 260 | |a Buenos Aires: |b CLACSO | ||
| 300 | |a 327 p. | ||
| 520 | |a Se presentan los datos de la investigación realizada en Córdoba, Argentina, sobre mujer y pobreza. Dicha investigación está organizada en cinco secciones. La primera está destinada a brindar los elementos que se consideran imprescindibles para llevar a cabo el estudio especifico de la mujer pobre, donde se intenta rescatar los aspectos que conforman el contexto donde se desenvuelve la mujer pobre. Metodológicamente se distinguen tres grandes períodos en la vida de la mujer: infancia y juventud, edad activa y vejez. Estos sirven de variable organizadora de la investigación ya que se corresponden con las tres secciones medulares del trabajo. Y finalmente, revelaron algunos indicadores referentes a la extensión alcanzada por la pobreza entre las personas de mayor edad y la situación especifica de la mujer. Las principales conclusiones se explicitan en las páginas finales del trabajo | ||
| 650 | |a MUJER | ||
| 650 | |a POBREZA | ||
| 650 | |a ARGENTINA | ||
| 700 | |a Criales Burgos, Lucila | ||
| 700 | |a Feijóo, María del Carmen, comp | ||
| 700 | |a Frega, Ana | ||
| 700 | |a Gonzáles Sierra, Yamandú | ||
| 700 | |a León, Magdalena | ||
| 700 | |a Montoya, Silvia B. | ||
| 999 | |c 14926 |d 14926 | ||



